zpět

Detail výsledku týmu

Pardubický Pub PO, Pardubice

Datum a čas kvízu

26 Celkem bodů Celkový počet nahraných bodů na tomto kvízu bez doplňovacích otázek.
8. Pořadí na kvízu Konečné umístění týmu na tomto kvízu.

Zaznamenané odpovědi

# Otázka Odpověď Body Výsledky
1. V České republice je aktuálně... Olomouc 1
2. Minulý týden se svět dozvěděl... vydlabaná dýně 1
3. Minulý týden proběhlo finále n... Praha 0
4. Jedna automobilka v úterý před... Škoda 1
5. Česká basketbalová reprezentac... Polsko, Srbsko 1
6. V následujících otázkách se bu... 793, Lindisfarne 0
7. Klášter a zříceninu kláštera,... Porta coeli, Rosa coeli 0
8. Nyní si připomeneme klášterní... 1D 2A 3B 4C 1
9. Na obrázku vidíme jeden z kláš... Řecko 0
10. Starobrněnský klášter, v němž... Eliška Rejčka 0